| 000 | 01052ntm a2200253 a 4500 | ||
|---|---|---|---|
| 001 | 37349 | ||
| 003 | BD-RjUL | ||
| 005 | 20211209052612.0 | ||
| 008 | 141124s2012 bg a|||| b||| 00| 0 eng d | ||
| 035 | _a(BD-RjU)37452 | ||
| 040 |
_aBD-RjUL _beng _cBD-RjUL _dBD-RjUL |
||
| 041 | _aeng | ||
| 082 |
_a639.30954924 _bJED 2012 |
||
| 100 |
_aJewel, Md. Abu Sayed _9114483 |
||
| 245 |
_aDevelopment of Fish Farming in Irrigated Rice Field Ecosystem under Barind area of Bangladesh / _c by Md. Abu Sayed Jewel, _6Principal Supervisor: Md.Akhtar Hossain ; Co-Supervisor: Muhammad Afzal Hussain. |
||
| 260 |
_aRajshahi : _bDepartment of Fisheries, R U,. _c2012. |
||
| 300 |
_axx, 216 leaves: _bill. ; _c30 cm. |
||
| 502 | _aThesis (Ph.D.)--Department Of Fisheries, University of Rajshahi --2012. | ||
| 504 | _a References: leaves [189]-215. | ||
| 650 |
_aFish-Culture _vHistory _zBangladesh _zBarind Area _9114484 |
||
| 700 |
_aHossain, Md.Akhtar, Principal Supervisor _9114485 |
||
| 700 |
_a Hussain, Muhammad Afzal, Co-Supervisor _9114486 |
||
| 942 |
_2ddc _cTHE |
||
| 999 |
_c37349 _d37349 |
||